| 000 | 00363nam a22001697a 4500 | ||
|---|---|---|---|
| 003 | SGT | ||
| 020 | _a9789356968554 | ||
| 082 |
_a618.1 _bG24K |
||
| 100 | _aKONAR, HIRALAL | ||
| 245 | _aTEXT BOOK OF GYNECOLOGY | ||
| 250 | _a9TH | ||
| 260 |
_aNEW DELHI _bJAYPEE PUB. _c2024 |
||
| 300 | _a660 | ||
| 650 | _aGYNECOLOGY | ||
| 653 | _aGYNECOLOGY | ||
| 942 |
_2ddc _cBK |
||
| 999 |
_c29072 _d29072 |
||